Normal view
MARC view
- Graphic Desigen
Entry Topical Term
001 - CONTROL NUMBER
- control field: 111482
003 - CONTROL NUMBER IDENTIFIER
- control field: NUST
005 - DATE AND TIME OF LATEST TRANSACTION
- control field: 20230328095508.0
008 - FIXED-LENGTH DATA ELEMENTS
- fixed length control field: 230328|| aca||aabn | a|a d
040 ## - CATALOGING SOURCE
- Original cataloging agency: NUST
- Transcribing agency: NUST
150 ## - HEADING--TOPICAL TERM
- Topical term or geographic name entry element: Graphic Desigen
670 ## - SOURCE DATA FOUND
- Source citation: Work cat.: (NUST): Earreiil Liz 111481, One Hundred At 360, 2007.
